000 00312nam a2200121 a 4500
005 20140414131851.0
008 100802s19uu xx 00 eng d
050 _aM 636.2
_bM59 2000
100 _aMiles, Annie
245 _aFrom cow to milk carton.
260 _aAustralia :
_bMacmillan,
_c2000.
999 _c110195
_d110195